<?xml version="1.0" encoding="UTF-8"?>
<marc:record xmlns:marc="http://www.loc.gov/MARC21/slim">
   <marc:leader>00000nam a2200000 a 4500</marc:leader>
   <marc:datafield ind1="1" ind2=" " tag="100">
      <marc:subfield code="a">Rushdie, Salman</marc:subfield>
      <marc:subfield code="4">aut</marc:subfield>
      <marc:subfield code="e">Verfasser/-in</marc:subfield>
   </marc:datafield>
   <marc:datafield ind1="0" ind2="0" tag="245">
      <marc:subfield code="a">Quichotte</marc:subfield>
   </marc:datafield>
   <marc:datafield ind1="0" ind2="0" tag="245">
      <marc:subfield code="c">Rushdie, Salman</marc:subfield>
   </marc:datafield>
   <marc:datafield ind1=" " ind2="1" tag="264">
      <marc:subfield code="a">United Kingdom</marc:subfield>
      <marc:subfield code="b">Jonathan Cape</marc:subfield>
      <marc:subfield code="c">2019</marc:subfield>
   </marc:datafield>
   <marc:datafield ind1="1" ind2=" " tag="520">
      <marc:subfield code="a">Ismael Smile ist ein Reisender, der besessen ist von der »unwirklichen Wirklichkeit« des Fernsehens. Er will das Herz der Königin der Talkshows erobern und begibt sich auf eine Reise quer durch Amerika, um sich ihrer als würdig zu erweisen. Auf dem Beifahrersitz, Sancho, der Sohn, den er sich immer gewünscht hat, aber niemals bekam.&#xD;
Salman Rushdie versetzt die Abenteuer des klassischen tragischen Helden Quichotte in unser Zeitalter des »Alles ist möglich«. Er erzählt dabei auch von Vater-Sohn-Beziehungen, Geschwisterstreitigkeiten, unverzeihlichem Handeln, alltäglichem Rassismus, der Opioidkrise, Cyber-Spionen und nicht zuletzt vom Ende der Welt.&#xD;
Salman Rushdie erhält den Friedenspreis des Deutschen Buchhandels 2023 »für seine Unbeugsamkeit, seine Lebensbejahung und dafür, dass er mit seiner Erzählfreude die Welt bereichert.« (Aus der Begründung der Jury)</marc:subfield>
   </marc:datafield>
   <marc:datafield ind1=" " ind2=" " tag="020">
      <marc:subfield code="a">9781787331914</marc:subfield>
      <marc:subfield code="9">9781787331914</marc:subfield>
   </marc:datafield>
   <marc:datafield ind1=" " ind2=" " tag="338">
      <marc:subfield code="a">Band</marc:subfield>
   </marc:datafield>
   <marc:datafield ind1=" " ind2=" " tag="300">
      <marc:subfield code="a">400 Seiten</marc:subfield>
   </marc:datafield>
</marc:record>
